Živočíšna výroba - stavy, výroba mlieka a vajec za 4. štvrťrok 1993 Stavy, výroba mlieka a vajec

Gespeichert in:
Bibliographische Detailangaben
Format: Buch
Sprache:Slowakisch
Veröffentlicht: Bratislava Štatistický úrad SR 1994
Schriftenreihe:Štatistické čísla a grafy
Tags: Tag hinzufügen
Keine Tags, Fügen Sie das erste Tag hinzu!

MARC

LEADER 00000nam a2200000 4500
001 c005278
005 20260122151256.1
041 0 |a slo 
044 |a SK 
245 1 0 |a Živočíšna výroba - stavy, výroba mlieka a vajec za 4. štvrťrok 1993  |b Stavy, výroba mlieka a vajec 
264 1 |a Bratislava  |b Štatistický úrad SR  |c 1994 
300 |a 48 s. 
490 1 |a Štatistické čísla a grafy 
830 0 |a Štatistické čísla a grafy